000 01140nam a2200217Ia 4500
999 _c39380
_d39380
001 5969
003 GE_BSU
005 20191031113714.0
008 181216s2012||||ge |||||||||||||| ||geo||
020 _a9789941927430
040 _cGE_BSU
080 _a342 ს-34
245 _aსაქართველოს კონსტიტუცია = The constitution of Georgia :
_bმიღებულია 1995 წლის 24 აგვისტოს : 2012 წლის 25 ივლისის მდგომარეობით /
264 _aთბილისი,
_bშპს "სამი",
_c2012.
300 _a254 გვ.
_b20 სმ.
500 _aთავფურ., ტექსტი, ყდა ქართ. და ინგლ.
653 _aსაქართველოს 1995 წლის კონსტიტუცია
653 _aსამართალმცოდნეობა
710 _aკონსტიტუციონალიზმის კვლევისა და ხელშეწყობის რეგიონალური ცენტრი
_95129
942 _cBK
_2udc